000 00652nam a2200253Ia 4500
001 16816
003 GE_BSU
008 181216s||||||||xx |||||||||||||| ||und||
020 _a9781780984438
040 _cGE_BSU
080 _a811.111(076)
100 _aEvans, Virginia. Dooley,Jenny
245 _aPrime Time 1. Workbook & Grammar Book
260 _aNewbury
260 _bExpress Publishing
260 _c2012
300 _a112p.ill.30cm.
300 _e+Cd1 (Version 1). Class CDs
541 _h156Gel.56T.
653 _aPrime Time 1
653 _aWorkbook & Grammar Book
653 _aინგლისური ენა
942 _cBK
999 _c49881
_d49881